| 000 | 00593nam a22001937a 4500 | ||
|---|---|---|---|
| 003 | AUA.1 | ||
| 005 | 20251118182437.0 | ||
| 008 | 250708b |||||||| |||| 00| 0 eng d | ||
| 040 | _cJTL | ||
| 100 | _aMakuku, Stephen | ||
| 245 |
_aNakedness, shame and covering in Genesis 3:1-21 : _bExegetical and theological study / _cStephen Makuku. |
||
| 260 | _cc2023. | ||
| 300 |
_avii, 92 leaves : _bIllustrations : _c30cm. |
||
| 650 | _aClothing and dress | ||
| 650 | _aNudity | ||
| 650 | _aShame in the Bible | ||
| 690 | _aGenesis 3:1-21 | ||
| 942 |
_2aua _cTHESIS _hMABTS _i.M35 2023 |
||
| 999 |
_c25159 _d25159 |
||